00295nam a22001097a 4500020001800000082001700018100001500035245007400050260003200124300000800156650002100164 a9788129300300 a294.5922 GIT aGita Press aSrimad Valmiki- Ramayana; with Sanskrit text with english translation aGorakhpurbGita Pressc2014 a942 aRamayana Valmiki